000 00740nam a22002175i 4500
001 163622
003 ES-MaACL
005 20230906212758.0
008 050715s1866 gw | |||||||| ||eng d
040 _aCAM
_bspa
_cCAM
100 1 _aRobertson, Frederick W.
_9131886
245 1 0 _aSermons preached at Trinity Chapel, Brighton /
_cby the late Rev. Fredèrick W. Robertson.
260 _aLeipzig :
_bBernhard Tauchnitz,
_c1866.
300 _aXII, 334 p. ;
_c15 cm.
490 1 _aCollection of british authors ;
_v833
594 _aEn port. consta: Fourth series.
752 _aAlemania -
_dLeipzig
830 0 _aCollection of british authors ;
_v833
_9180703
852 _aES-MaACL
_jG-12000(2)
_z-- Enc. hol.
999 _c163622
_d163622